00191nam a2200073Ia 4500082001600000245003300016100002700049008004100076 aAB EJF BLYT 0aPuzzle for the Secret Seven  a BLYTON, Enid Bath 210816s9999 xx 000 0 und d